Normal view
MARC view
Entry Término temático
001 - NÚMERO DE CONTROL
- campo de control: 89100
003 - IDENTIFICADOR DEL NÚMERO DE CONTROL
- campo de control: DO-SdBNP
005 - FECHA Y HORA DE LA ÚLTIMA TRANSACCIÓN
- campo de control: 20260302120950.0
008 - DATOS DE LONGITUD FIJA
- campo de control de longitud fija: 260302|| aca||aabn | a|a d
040 ## - FUENTE DE LA CATALOGACIÓN
- Centro catalogador/agencia de origen: DO-SdBNP
- Centro/agencia transcriptor: DO-SdBNP
150 ## - ENCABEZAMIENTO--TÉRMINO DE MATERIA
- Término de materia o nombre geográfico como elemento de entrada: Acciones y defensas
- Subdivisión general: Leyes y legislación
- Subdivisión geográfica: República Dominicana
670 ## - FUENTE DE DATOS ENCONTRADOS
- Cita de la fuente: Work cat.: (DO-SdBNP)60167: Guerrero Bautista, Fabio, aut. autor 88928, Guía procedimental y otros aspectos legales, ante los tribunales de la jurisdicción inmobiliaria /
